000 00678nam a2200229 i 4500
001 bg
100 1 _aJANKOWSKI, Stanisław
245 1 0 _aZarys technologii młynarstwa i kaszarstwa /
_cStanisław Jankowski.
260 _aWarszawa :
_bWydawnictwa Naukowo-Techniczne,
_c1981.
300 _a482, [1] s. :
_bil. ;
_c24 cm.
500 _aPodręcznik dla studentów akademii rolniczch wydziału technologii żywności.
504 _aBibliogr.
650 9 _aMłynarstwo
655 _aPodręczniki
020 _a8320403901
040 _cBPK
041 0 _apol
080 _a664.7(07)
920 _a83-204-0390-1
942 _cKS
008 s pl f |000 0 pol
999 _c45089
_d45089
856 _uhttp://koha.tu.koszalin.pl/cgi-bin/koha/opac-detail.pl?biblionumber=45089
_yKatalog online BPK